[Event "Tournoi n27429"]
[Site "www.echecsemail.com"]
[Date "2026.02.07"]
[Round "1"]
[White "Nogean"]
[Black "Tiounet"]
[WhiteElo "1680"]
[BlackElo "1600"]
[Result "0-1"]
1.c4 b6
2.Nb1c3 Bc8b7
3.Ng1f3 g6
4.g3 Bf8g7
5.Bf1g2 Ng8f6
6.O-O O-O
7.d3 d6
8.b4 Nf6g4
9.h3 Bg7xc3
10.Ra1b1 Ng4f6
11.Qd1c2 Bc3e5
12.Nf3xe5 Bb7xg2
13.Ne5xf7 Rf8xf7
14.Kxg2 Nb8d7
15.b5 Nd7c5
16.a4 Qd8d7
17.Rb1a1 Ra8f8
18.a5 Nc5e6
19.axb6 axb6
20.Bc1e3 Nf6h5
21.Ra1a7 Ne6f4
22.Be3xf4 Nh5xf4
23.gxf4 Rf7xf4
24.Qc2a2 Rf4h4
25.Rf1h1 Qd7f5
26.f3 Qf5g5
27.Kf1 Qg5g3
28.c5 Kg7
29.Ra7xc7 Rh4xh3
30.Rh1xh3 Qg3xh3
31.Ke1 Qh3h2
32.Rc7xe7 Kh6
33.Qa2b2 Rf8xf3
34.cxb6 Rf3xd3
35.b7 Qh2g1
0-1

[Event "Tournoi n27421"]
[Site "www.echecsemail.com"]
[Date "2026.02.07"]
[Round "1"]
[White "Luc20"]
[Black "Legros"]
[WhiteElo "1830"]
[BlackElo "1760"]
[Result "1-0"]
1.d4 f5
2.c4 d5
3.Nb1c3 e6
4.cxd5 exd5
5.Ng1f3 Ng8f6
6.Nf3e5 c6
7.h3 Bc8e6
8.Bc1g5 Bf8e7
9.e3 Nb8d7
10.Bf1e2 Nd7xe5
11.dxe5 Nf6e4
12.Bg5xe7 Qd8xe7
13.O-O Ra8d8
14.Qd1a4 b5
15.Qa4c2 a5
16.b3 Qe7c5
17.Ra1c1 O-O
18.Be2f3 Be6d7
19.Qc2b2 Qc5e7
20.Rf1d1 Qe7xe5
21.Rd1d4 Bd7e6
22.Nc3xe4 fxe4
23.Bf3e2 Be6d7
24.Qb2d2 b4
25.Qd2d1 Qe5f6
26.Qd1f1 Rd8c8
27.Rc1c5 Rc8a8
28.Rd4d2 a4
29.bxa4 Ra8xa4
30.Be2d1 Ra4a3
31.Bd1b3 Kh8
32.Rd2c2 Qf6g6
33.Kh2 Qg6f6
34.Qf1e1 Rf8b8
35.Qe1f1 Qf6d6
36.g3 g5
37.f4 gxf4
38.Qf1xf4 Qd6xf4
39.gxf4 Rb8b6
40.Rc2g2 Ra3a8
41.h4 h5
42.Rg2g5 Bd7e8
43.Rc5c2 Kh7
44.Rc2g2 Kh6
45.Rg5g8 Kh7
46.Rg2g7 Kh6
47.Rg7e7 Rb6b8
48.Rg8g7 c5
49.Bb3xd5 Ra8a3
50.Rg7h7 Kg6
51.Bd5b3 Be8c6
52.Rh7f7 Bc6a8
53.f5 Kh6
54.Rf7f6 1-0

[Event "Amical( 10J+24H/c 10J Max )"]
[Site "www.echecsemail.com"]
[Date "2026.02.07"]
[Round "1"]
[White "Patau"]
[Black "Woluwe1975"]
[WhiteElo "1670"]
[BlackElo "1640"]
[Result "1-0"]
1.e4 c6
2.d4 d5
3.e5 Bc8f5
4.h4 h6
5.Bf1d3 g6
6.h5 Bf8g7
7.hxg6 fxg6
8.Bd3xf5 gxf5
9.Qd1h5 Kd7
10.Qh5xf5 e6
11.Qf5g4 Qd8e7
12.Ng1f3 Nb8a6
13.Bc1d2 Na6c7
14.Nb1c3 Ra8f8
15.O-O-O Kc8
16.Bd2e3 Kb8
17.Qg4h4 h5
18.Be3g5 Qe7f7
19.Nc3a4 Bg7h6
20.Qh4xh5 Bh6xg5
21.Qh5xg5 Rh8xh1
22.Rd1xh1 Qf7f4
23.Qg5xf4 Rf8xf4
24.Rh1h8 Rf4f8
25.Na4c5 b6
26.Nc5d7 { abandon }1-0

[Event "Défi( 10J+24H/c 10J Max )"]
[Site "www.echecsemail.com"]
[Date "2026.02.07"]
[Round "1"]
[White "Tiounet"]
[Black "Titit1"]
[WhiteElo "1610"]
[BlackElo "1430"]
[Result "0-1"]
1.a3 e6
2.b4 f5
3.Bc1b2 Nb8c6
4.g3 d5
5.Bf1g2 Ng8e7
6.e3 Bc8d7
7.Ng1e2 e5
8.O-O Bd7e6
9.b5 Nc6a5
10.Bb2xe5 Ne7g6
11.Be5c3 Na5c4
12.a4 Qd8d7
13.d3 Nc4b6
14.Bc3d4 Bf8d6
15.Nb1c3 O-O-O
16.Bd4xb6 cxb6
17.Ne2d4 Rh8f8
18.Nd4xe6 Qd7xe6
19.Nc3xd5 Bd6c5
20.d4 Bc5d6
21.Nd5c3 f4
22.Rf1e1 fxg3
23.hxg3 Rf8f7
24.Nc3e4 Bd6e7
25.Qd1d3 Kb8
26.c3 Qe6d7
27.Kh2 Be7f6
28.Ne4xf6 Rf7xf6
29.c4 Ng6e5
30.Qd3xh7 Rf6h6
{ abandon }0-1

[Event "Tournoi n27435"]
[Site "www.echecsemail.com"]
[Date "2026.02.07"]
[Round "1"]
[White "Verson"]
[Black "Tartu"]
[WhiteElo "1810"]
[BlackElo "1730"]
[Result "1-0"]
1.d4 d5
2.Ng1f3 Ng8f6
3.e3 Bc8f5
4.c4 e6
5.Nb1c3 Bf8b4
6.Bc1d2 O-O
7.Bf1e2 c5
8.O-O dxc4
9.Be2xc4 cxd4
10.Nf3xd4 Bb4c5
11.Nd4xf5 exf5
12.Qd1c2 Nb8c6
13.a3 Rf8e8
14.Ra1d1 Qd8e7
15.b4 Bc5b6
16.Nc3d5 Nf6xd5
17.Bc4xd5 Qe7f6
18.Bd2c3 Qf6g6
19.Bd5b3 Ra8d8
20.Rd1xd8 Re8xd8
21.Rf1d1 Rd8xd1
22.Qc2xd1 h6
23.h3 a6
24.Qd1d7 h5
25.Qd7e8 Kh7
26.Bb3xf7 Qg6d6
27.Qe8g8 Kh6
28.Qg8xg7 1-0

[Event "Tournoi n27399"]
[Site "www.echecsemail.com"]
[Date "2026.02.07"]
[Round "1"]
[White "Verson"]
[Black "Jyfsk"]
[WhiteElo "1870"]
[BlackElo "1760"]
[Result "1-0"]
1.d4 Ng8f6
2.Ng1f3 e6
3.e3 Bf8e7
4.Bf1d3 O-O
5.Nb1d2 b6
6.O-O Bc8b7
7.e4 d6
8.c3 Nb8d7
9.Rf1e1 c6
10.Nd2f1 e5
11.Bc1g5 exd4
12.cxd4 Nf6e8
13.Qd1d2 Be7xg5
14.Nf3xg5 g6
15.f4 f6
16.Ng5e6 Qd8e7
17.f5 Rf8f7
18.Re1e3 Ne8g7
19.Ne6xg7 Kxg7
20.fxg6 hxg6
21.Nf1g3 Ra8h8
22.Qd2e2 a6
23.Ra1f1 c5
24.Bd3c4 Rf7f8
25.Qe2g4 f5
26.Ng3xf5 Rf8xf5
27.Rf1xf5 Nd7f6
28.Qg4g3 Nf6xe4
29.Re3xe4 Bb7xe4
30.Rf5f4 d5
31.Bc4d3 Be4xd3
32.Qg3xd3 cxd4
33.Qd3xd4 Kg8
34.Qd4xd5 Kg7
35.Rf4e4 Qe7f6
36.Qd5e5 Qf6xe5
37.Re4xe5 Kf6
38.Re5e3 Rh8c8
39.Kf2 b5
40.Kf3 Rc8c6
41.Re3e2 { abandon }1-0

[Event "Tournoi n27446"]
[Site "www.echecsemail.com"]
[Date "2026.02.07"]
[Round "1"]
[White "Jlr"]
[Black "Mokanne"]
[WhiteElo "1460"]
[BlackElo "1410"]
[Result "0-1"]
1.e4 e5
2.Bf1c4 Ng8f6
3.d3 Bf8c5
4.Qd1f3 d6
5.Bc1g5 a6
6.h3 c6
7.Nb1c3 h6
8.Bg5xf6 gxf6
9.Qf3h5 Rh8h7
10.f3 Qd8e7
11.g4 b5
12.Bc4d5 cxd5
13.Nc3xd5 Qe7d8
14.h4 Bc8b7
15.g5 fxg5
16.hxg5 Bb7xd5
17.g6 Rh7g7
18.gxf7 Bd5xf7
19.Qh5xh6 Rg7xg1
20.Rh1xg1 Bc5xg1
21.Qh6h8 Kd7
22.Qh8h3 Kc6
23.Ke2 Bg1b6
24.Qh3h7 Ra8a7
25.Qh7f5 Ra7e7
26.b4 Qd8d7
27.Qf5g5 Qd7e6
28.c3 Bb6d8
29.Ke3 Qe6g6
30.Qg5h4 Re7e8
31.Qh4h3 Bf7e6
32.Qh3f1 Qg6g5
33.Ke2 Re8f8
34.Qf1f2 Be6g4
35.Ra1g1 Bg4xf3
36.Ke1 Qg5c1
0-1

[Event "Défi"]
[Site "www.echecsemail.com"]
[Date "2026.02.07"]
[Round "1"]
[White "Intrigue"]
[Black "Pj612"]
[WhiteElo "1710"]
[BlackElo "1730"]
[Result "1-0"]
1.d4 d5
2.c4 c6
3.Ng1f3 e6
4.Nb1c3 Bf8b4
5.Bc1f4 dxc4
6.e4 b5
7.a4 Ng8f6
8.e5 Nf6d5
9.Bf4d2 a6
10.Nc3xd5 Bb4xd2
11.Qd1xd2 cxd5
12.axb5 a5
13.Bf1e2 Bc8d7
14.O-O Bd7xb5
15.Rf1c1 O-O
16.h3 Nb8c6
17.b3 f6
18.exf6 Rf8xf6
19.bxc4 Bb5a6
20.c5 Ba6xe2
21.Qd2xe2 Qd8e8
22.Rc1b1 Nc6b4
23.Nf3e5 Ra8a6
24.Rb1xb4 Qe8a8
25.Rb4a4 Rf6f8
26.Qe2e1 Rf8b8
27.Ra4xa5 Ra6xa5
28.Qe1xa5 Qa8xa5
29.Ra1xa5 h6
30.Ne5c6 Rb8e8
31.g4 Kh7
32.Kg2 Kg6
33.Kg3 h5
34.gxh5 Kxh5
35.f4 g6
36.Nc6e5 g5
37.fxg5 Kxg5
38.c6 Kf5
39.h4 Ke4
40.Ra5a4 Re8g8
41.Kh3 Rg8g7
42.Ra4b4 Rg7c7
43.Rb4b7 Rc7xc6
44.Ne5xc6 { abandon }1-0

[Event "BERNARD MAS"]
[Site "www.echecsemail.com"]
[Date "2026.02.07"]
[Round "1"]
[White "Woluwe1975"]
[Black "Patau"]
[WhiteElo "1660"]
[BlackElo "1670"]
[Result "0-1"]
1.Ng1f3 Ng8f6
2.g3 d5
3.b3 c5
4.Bc1b2 d4
5.d3 Nb8c6
6.a3 e5
7.Bf1g2 Bf8d6
8.O-O Bc8g4
9.Nf3d2 O-O
10.h3 Bg4f5
11.Nd2e4 Nf6xe4
12.dxe4 Bf5e6
13.Nb1d2 f5
14.Nd2c4 fxe4
15.Bg2xe4 Be6xh3
16.Rf1e1 Bd6c7
17.Qd1d3 g6
18.Bb2c1 Qd8f6
19.f4 exf4
20.gxf4 Qf6h4
21.Bc1d2 Bc7xf4
22.Be4d5 Kh8
{ abandon }0-1

[Event "Tournoi n27452"]
[Site "www.echecsemail.com"]
[Date "2026.02.07"]
[Round "1"]
[White "Mokanne"]
[Black "Tiounet"]
[WhiteElo "1420"]
[BlackElo "1660"]
[Result "1-0"]
1.Ng1f3 b5
2.e4 Bc8b7
3.d3 Ng8f6
4.Bf1e2 g6
5.b4 Bf8g7
6.Bc1b2 O-O
7.Nb1d2 Nb8c6
8.a3 d6
9.h3 e5
10.O-O a6
11.Rf1e1 Nc6e7
12.Qd1c1 Qd8c8
13.Be2d1 Rf8e8
14.c3 c5
15.Bd1b3 d5
16.Nf3xe5 dxe4
17.Nd2xe4 Nf6d5
18.Ne4d6 Qc8c7
19.Nd6xe8 Ra8xe8
20.Bb3xd5 Ne7xd5
21.Ne5f3 cxb4
22.axb4 Re8xe1
23.Qc1xe1 Nd5xb4
24.Qe1e8 Bg7f8
25.cxb4 Bb7xf3
26.gxf3 Qc7c2
27.Qe8e5 { abandon }1-0

[Event "BERNARD MAS"]
[Site "www.echecsemail.com"]
[Date "2026.02.07"]
[Round "1"]
[White "Titit1"]
[Black "Intrigue"]
[WhiteElo "1440"]
[BlackElo "1720"]
[Result "0-1"]
1.d4 Ng8f6
2.Ng1f3 d5
3.c4 e6
4.Bc1g5 Bf8e7
5.Nb1d2 O-O
6.e3 h6
7.Bg5h4 dxc4
8.Bf1xc4 Nb8d7
9.O-O a6
10.Qd1c2 b5
11.Bc4d3 Bc8b7
12.e4 c5
13.b3 cxd4
14.Nf3xd4 Ra8c8
15.f3 Nd7c5
16.Rf1e1 Nc5xe4
17.Nd2xe4 Rc8xc2
18.Bd3xc2 Qd8xd4
19.Kh1 Nf6xe4
20.fxe4 Be7xh4
21.Re1d1 Qd4f6
22.Rd1f1 Qf6c3
23.Ra1c1 Bh4g5
24.Rc1d1 Qc3xc2
25.Rd1b1 Bb7xe4
26.Rb1d1 Qc2xg2
0-1

[Event "Défi( 10J+24H/c 10J Max )"]
[Site "www.echecsemail.com"]
[Date "2026.02.07"]
[Round "1"]
[White "Titit1"]
[Black "Anumisme"]
[WhiteElo "1440"]
[BlackElo "1230"]
[Result "1-0"]
1.d4 d5
2.Ng1f3 h6
3.Bc1f4 g5
4.Bf4e3 f6
5.Nb1c3 Nb8c6
6.Qd1c1 Bc8g4
7.Nf3d2 a6
8.h3 Bg4h5
9.g4 Bh5g6
10.a3 e6
11.Bf1g2 Bf8d6
12.Nd2f3 Nc6a5
13.O-O Na5c4
14.Be3d2 c6
15.e3 c5
16.b3 Nc4b6
17.Rf1e1 c4
18.b4 Nb6d7
19.Nc3a4 b5
20.Na4c3 Ng8e7
21.e4 e5
22.Nc3xd5 Ne7xd5
23.exd5 O-O
24.c3 e4
25.Nf3h2 Qd8c7
26.Nh2f1 Bg6h7
27.h4 Bd6f4
28.f3 e3
29.Bd2xe3 Bf4g3
30.Re1d1 Bh7d3
31.h5 f5
32.gxf5 Rf8xf5
33.Nf1xg3 Qc7xg3
34.Be3f2 Qg3d6
35.f4 Rf5xf4
36.Bf2g3 Bd3e2
37.Rd1e1 Be2xh5
38.Bg3xf4 gxf4
39.Re1e6 Qd6f8
40.Re6xh6 Bh5g4
41.Rh6g6 Kh7
42.Rg6xg4 Nd7b6
43.Bg2e4 Kh6
44.Qc1d2 Qf8d6
45.Qd2h2 1-0

[Event "Défi( 10J+24H/c 10J Max )"]
[Site "www.echecsemail.com"]
[Date "2026.02.07"]
[Round "1"]
[White "Chobi"]
[Black "Tartu"]
[WhiteElo "1750"]
[BlackElo "1680"]
[Result "1-0"]
1.d4 Ng8f6
2.h3 d5
3.Bc1f4 e6
4.Ng1f3 Bf8d6
5.Bf4e5 Bd6xe5
6.dxe5 Nf6d7
7.e3 c5
8.Bf1e2 Nb8c6
9.O-O O-O
10.Nb1d2 Nd7b6
11.a3 a5
12.Be2b5 Qd8c7
13.Bb5xc6 Qc7xc6
14.Ra1c1 Bc8d7
15.c4 Rf8d8
16.cxd5 Nb6xd5
17.Nf3d4 Qc6a6
18.Rc1xc5 Bd7b5
19.Nd4xb5 b6
20.Nb5c7 Qa6b7
21.Nc7xa8 Qb7xa8
22.Rc5c3 Nd5xc3
23.bxc3 Qa8c6
24.Qd1c2 b5
25.Nd2f3 h6
26.Nf3d4 Qc6d5
27.Rf1b1 Qd5xe5
28.Rb1xb5 Qe5f6
29.Rb5xa5 Rd8b8
30.Ra5b5 Rb8a8
31.Qc2b3 e5
32.Rb5b8 Ra8xb8
33.Qb3xb8 Kh7
34.Nd4f3 e4
35.Qb8e5 Qf6c6
36.Qe5f5 Kg8
37.Nf3d4 Qc6xc3
38.a4 Qc3a1
39.Kh2 Qa1xa4
40.Qf5xe4 Qa4a7
41.Qe4g4 Qa7b7
42.Nd4f5 Qb7b2
43.Nf5xh6 { abandon }1-0

[Event "Tournoi n27452"]
[Site "www.echecsemail.com"]
[Date "2026.02.07"]
[Round "1"]
[White "Jlr"]
[Black "Fouvolant"]
[WhiteElo "1430"]
[BlackElo "1510"]
[Result "0-1"]
1.e4 c5
2.Bf1c4 e6
3.Nb1c3 Nb8c6
4.Ng1f3 Qd8c7
5.a3 a6
6.h3 Ng8f6
7.d3 Bf8e7
8.g3 h6
9.Bc1f4 d6
10.a4 Bc8d7
11.g4 Nf6h7
12.h4 O-O-O
13.Nc3a2 e5
14.Bf4d2 Bd7xg4
15.Rh1g1 h5
16.c3 Be7xh4
17.Qd1e2 Rh8f8
18.Bc4d5 Nc6e7
19.Bd5c4 d5
20.exd5 Ne7xd5
21.Qe2e4 Nh7f6
22.Qe4e2 Nd5b6
23.Rg1h1 Nb6xc4
24.dxc4 e4
25.Qe2e3 exf3
26.O-O-O Rf8e8
27.Rh1xh4 Re8xe3
28.fxe3 Nf6e4
29.Bd2e1 Rd8xd1
30.Kxd1 Qc7d8
31.Kc2 f2
32.Be1xf2 Qd8d2
33.Kb3 Bg4d1
34.Ka3 Qd2c2
35.b3 Qc2xb3
0-1

[Event "Coupe Niveau 4"]
[Site "www.echecsemail.com"]
[Date "2026.02.07"]
[Round "1"]
[White "Alain64"]
[Black "Elghribi"]
[WhiteElo "2060"]
[BlackElo "1910"]
[Result "1-0"]
1.c4 Ng8f6
2.Nb1c3 g6
3.d4 Bf8g7
4.e4 d6
5.f4 O-O
6.Ng1f3 Nb8c6
7.e5 dxe5
8.fxe5 Nf6e8
9.Bf1e2 Bc8g4
10.Bc1e3 a6
11.O-O h6
12.h3 Bg4c8
13.Qd1d2 Kh7
14.Ra1d1 e6
15.a3 Nc6e7
16.d5 exd5
17.cxd5 Ne7f5
18.Be3f2 h5
19.Nc3e4 c6
20.Ne4g5 Kg8
21.d6 Bc8e6
22.Ng5xe6 fxe6
23.Be2c4 Qd8d7
24.Nf3g5 Bg7h6
25.Bc4xe6 { abandon }1-0

[Event "Tournoi n27452"]
[Site "www.echecsemail.com"]
[Date "2026.02.07"]
[Round "1"]
[White "Tiounet"]
[Black "Jlr"]
[WhiteElo "1660"]
[BlackElo "1430"]
[Result "1-0"]
1.a3 c5
2.b4 e6
3.bxc5 Qd8f6
4.Nb1c3 Bf8xc5
5.e3 a6
6.Bc1b2 b5
7.Qd1c1 Bc8b7
8.Nc3a4 Qf6e7
9.Na4xc5 Bb7d5
10.Nc5xd7 f6
11.Nd7b6 Kf7
12.Nb6xd5 exd5
13.g3 Qe7e4
14.f3 Qe4e6
15.Bf1g2 Nb8c6
16.Ng1e2 Ng8e7
17.O-O a5
18.Ne2f4 Qe6d6
19.d3 Qd6c5
20.d4 Qc5c4
21.Rf1e1 Ne7f5
22.Bg2f1 Qc4a4
23.Nf4xd5 Ra8b8
24.Nd5c3 Qa4xa3
25.Bb2xa3 b4
26.Nc3d5 bxa3
27.Qc1xa3 Rh8d8
28.e4 Nf5xd4
29.Re1c1 Kg6
30.Qa3a4 Nd4xf3
31.Kg2 Nf3d2
32.Qa4xc6 Nd2xe4
33.Bf1d3 Kf5
34.Rc1f1 Ke5
35.Bd3xe4 Kxe4
36.Nd5xf6 Ke3
37.Qc6e4 Kd2
38.Rf1f2 Kc3
39.Nf6d5 Kb2
40.Qe4d4 1-0

[Event "Tournoi Hivernal"]
[Site "www.echecsemail.com"]
[Date "2026.02.07"]
[Round "1"]
[White "Turbo"]
[Black "Abelito"]
[WhiteElo "1370"]
[BlackElo "1550"]
[Result "0-1"]
1.e4 e5
2.a3 Ng8f6
3.d3 d5
4.exd5 Nf6xd5
5.Ng1f3 Nb8c6
6.Nb1c3 Nd5f6
7.Nc3b5 a6
8.Nb5c3 Bc8g4
9.Bf1e2 Nc6d4
10.Nf3xe5 Bg4e6
11.Be2h5 g6
12.Bh5f3 Nf6d5
13.Nc3xd5 Be6xd5
14.Bf3xd5 Qd8xd5
15.Qd1e2 O-O-O
16.O-O Nd4xe2
{ abandon }0-1

[Event "Michael Tal 30"]
[Site "www.echecsemail.com"]
[Date "2026.02.07"]
[Round "1"]
[White "Dameroi"]
[Black "Alain64"]
[WhiteElo "1880"]
[BlackElo "2080"]
[Result "0-1"]
1.e4 c5
2.c3 Nb8c6
3.Ng1f3 e5
4.d3 d6
5.Bc1e3 f5
6.Be3g5 Bf8e7
7.Bg5xe7 Qd8xe7
8.Nb1d2 Ng8f6
9.Bf1e2 O-O
10.O-O fxe4
11.Nd2xe4 Bc8g4
12.h3 Bg4h5
13.Nf3g5 Bh5g6
14.Ng5f3 Nf6xe4
15.dxe4 Bg6xe4
16.Be2c4 Kh8
17.Rf1e1 Be4xf3
18.gxf3 Rf8f4
19.Bc4f1 Ra8f8
20.Bf1g2 Nc6d8
21.Re1e4 Nd8e6
22.Qd1e2 Ne6g5
23.Re4xf4 Rf8xf4
24.Ra1e1 Qe7f6
25.Qe2d3 Ng5xf3
26.Bg2xf3 Rf4xf3
27.Qd3f1 h6
28.Re1e3 Rf3xe3
29.fxe3 Qf6xf1
30.Kxf1 d5
31.Kf2 g5
32.Kf3 Kg7
33.e4 d4
34.cxd4 cxd4
35.Kg4 Kg6
36.b3 b5
37.a3 a5
38.b4 a4
39.h4 h5
40.Kg3 gxh4
41.Kxh4 Kh6
42.Kh3 d3
{ abandon }0-1

[Event "Michael Tal 30"]
[Site "www.echecsemail.com"]
[Date "2026.02.07"]
[Round "1"]
[White "Dameroi"]
[Black "Tahar"]
[WhiteElo "1880"]
[BlackElo "1980"]
[Result "0-1"]
1.e4 e5
2.Bf1c4 Ng8f6
3.d3 h6
4.Ng1f3 d6
5.Nb1c3 Bf8e7
6.a3 O-O
7.O-O Nb8c6
8.Bc4a2 Bc8g4
9.h3 Bg4h5
10.Bc1e3 Nf6h7
11.g4 Bh5g6
12.Nc3e2 Kh8
13.Ne2g3 f6
14.Nf3h4 Qd8e8
15.Nh4xg6 Qe8xg6
16.Ba2e6 Qg6e8
17.Be6a2 Nh7g5
18.Kg2 Nc6d8
19.h4 Ng5e6
20.Ba2xe6 Nd8xe6
21.Ng3f5 Kh7
22.h5 Ne6g5
23.Be3xg5 fxg5
24.f3 Be7f6
25.Rf1h1 Qe8d7
26.Ra1b1 d5
27.c3 a5
28.Qd1c2 dxe4
29.dxe4 Qd7e6
30.Rh1d1 Bf6e7
31.Rd1d3 c6
32.a4 Rf8d8
33.Rb1d1 Rd8xd3
34.Rd1xd3 Ra8d8
35.Rd3xd8 Be7xd8
36.Qc2d1 Bd8c7
37.b3 g6
38.c4 gxf5
39.Kg3 f4
40.Kg2 Qe6d6
41.Qd1xd6 Bc7xd6
42.Kf1 Kg7
43.Ke2 Kf6
44.Kd3 Ke6
45.Kc3 Bd6a3
46.Kd3 Kd6
47.Kc2 Kc5
48.Kc3 Ba3b2
49.Kxb2 Kd4
50.Kc2 Ke3
51.Kc3 Kxf3
52.Kd3 Kg2
{ abandon }0-1

[Event "Coupe Niveau 9"]
[Site "www.echecsemail.com"]
[Date "2026.02.07"]
[Round "1"]
[White "Coincoin18"]
[Black "Orosco"]
[WhiteElo "2640"]
[BlackElo "2270"]
[Result "1-0"]
1.e4 e5
2.Ng1f3 Nb8c6
3.d4 exd4
4.Nf3xd4 Ng8f6
5.Nd4xc6 bxc6
6.e5 Qd8e7
7.Qd1e2 Nf6d5
8.c4 Nd5b6
9.Nb1c3 Qe7e6
10.Bc1d2 Bf8e7
11.O-O-O O-O
12.Rd1e1 Rf8d8
13.Qe2e4 d5
14.exd6 Qe6xe4
15.Re1xe4 Be7xd6
16.Bf1e2 Bc8e6
17.Bd2e3 Bd6b4
18.Nc3b1 Be6f5
19.Re4f4 Bf5g6
20.h4 h5
21.Be2f3 Nb6d7
22.Bf3xc6 Nd7e5
23.Bc6e4 Bg6xe4
24.Rf4xe4 Ne5d3
25.Kc2 Nd3e1
26.Rh1xe1 Bb4xe1
27.Nb1c3 Rd8d7
28.Re4e5 Ra8d8
29.Nc3e4 f6
30.Re5xh5 Rd7e7
31.f3 Re7d7
32.a3 Kf7
33.Be3f4 Kg6
34.Rh5c5 Be1xh4
35.Bf4xc7 Rd8h8
36.b4 Bh4e1
37.Kb3 Rh8h1
38.Bc7b8 Rh1h8
39.Bb8c7 Rh8e8
40.b5 f5
41.Rc5c6 Kh7
42.Ne4g5 Kg8
43.Bc7d6 Be1d2
44.f4 Rd7b7
45.a4 Rb7b6
46.Rc6xb6 axb6
47.c5 Re8e3
48.Kc4 Re3c3
49.Kd5 Bd2xf4
50.Ng5e6 Rc3d3
51.Kc6 Bf4e3
52.cxb6 Be3xb6
53.Ne6c5 Bb6xc5
54.Bd6xc5 Rd3d2
55.b6 Rd2a2
56.b7 Ra2xa4
57.b8Q { abandon }1-0

[Event "Amical( 10J+24H/c 10J Max )"]
[Site "www.echecsemail.com"]
[Date "2026.02.07"]
[Round "1"]
[White "Cavalierfou"]
[Black "Nanaluce"]
[WhiteElo "1830"]
[BlackElo "1170"]
[Result "1-0"]
1.e4 e5
2.Ng1f3 d6
3.h3 Bc8e6
4.d4 c5
5.d5 Be6d7
6.Bf1d3 a5
7.O-O Ng8f6
8.Rf1e1 h6
9.Nb1c3 Nb8a6
10.a3 b6
11.Qd1e2 Bf8e7
12.Bd3xa6 Bd7c8
13.Ba6b5 Kf8
14.Bb5c6 Ra8a6
15.Nc3a4 g5
16.Qe2b5 g4
17.hxg4 Nf6xg4
18.Nf3h2 h5
19.Nh2xg4 hxg4
20.g3 Be7h4
21.Kg2 Ra6a7
22.Na4xb6 Bc8a6
23.Qb5xa5 Bh4xg3
24.fxg3 Qd8f6
25.Qa5c3 Qf6g7
26.Bc1d2 Qg7h7
27.Bd2h6 Qh7xh6
28.Re1h1 Qh6g7
29.b4 Ba6e2
30.Kf2 Be2f3
31.Rh1xh8 Qg7xh8
32.Qc3d2 Kg7
33.Ke3 Qh8h6
34.Kd3 Qh6h3
35.Qd2e1 Ra7a6
36.Nb6c4 Qh3h2
37.Bc6b5 Ra6a8
38.Nc4xd6 Qh2h6
39.Nd6f5 Kg6
40.Nf5xh6 Kxh6
41.Qe1e3 Kg6
42.Qe3xc5 Ra8h8
43.d6 f5
44.Bb5c6 Kf6
45.Qc5d5 fxe4
46.Ke3 Rh8h3
47.Ra1g1 Rh3h2
48.Rg1e1 Rh2xc2
49.Qd5b5 Rc2c3
50.Kd2 Rc3xa3
51.Bc6xe4 Ra3a2
52.Be4c2 Ra2a8
53.Qb5xe5 Kf7
54.Qe5e7 Kg8
55.Bc2b3 Kh8
56.Qe7h4 Kg7
57.Re1e7 Kg6
58.Bb3c2 Bf3e4
59.Bc2xe4 1-0

[Event "Eq:Les Rois du Succes-Les enfants de l Atlantide :"]
[Site "www.echecsemail.com"]
[Date "2026.02.07"]
[Round "1"]
[White "Capitaine"]
[Black "Oscar"]
[WhiteElo "2390"]
[BlackElo "1940"]
[Result "1-0"]
1.e4 e5
2.Ng1f3 Nb8c6
3.d4 exd4
4.Nf3xd4 Bf8c5
5.Bc1e3 Ng8f6
6.Nd4xc6 bxc6
7.Be3xc5 d6
8.Bc5e3 Nf6xe4
9.Bf1d3 Ne4f6
10.Nb1d2 O-O
11.O-O c5
12.Qd1f3 Bc8g4
13.Qf3g3 Ra8b8
14.Be3g5 Bg4e6
15.Qg3h4 Rb8b4
16.Bg5xf6 Rb4xh4
17.Bf6xd8 Rf8xd8
18.Nd2f3 Rh4f4
19.Nf3g5 h6
20.Ng5xe6 fxe6
21.g3 Rf4f6
22.f4 Rd8b8
23.b3 a5
24.Ra1e1 Kf8
25.Re1e3 Ke7
26.Rf1e1 Kd7
27.Bd3f1 Rb8f8
28.Bf1h3 Rf8e8
29.Bh3g4 g6
30.h4 d5
31.Re3e5 Kd6
32.Bg4h3 h5
33.Bh3f1 Re8e7
34.Bf1d3 Re7g7
35.Kg2 Rg7g8
36.c3 Rg8b8
37.Re5g5 Rb8g8
38.Re1b1 Kd7
39.c4 c6
40.Rb1c1 Kd6
41.Rc1f1 Rg8g7
42.g4 hxg4
43.h5 Rg7h7
44.Bd3xg6 Rh7g7
45.Kg3 { abandon }1-0

[Event "Tournoi n27452"]
[Site "www.echecsemail.com"]
[Date "2026.02.07"]
[Round "1"]
[White "Fouvolant"]
[Black "Tiounet"]
[WhiteElo "1510"]
[BlackElo "1660"]
[Result "1-0"]
1.e4 a6
2.d4 b5
3.Ng1f3 Bc8b7
4.Bf1d3 Ng8f6
5.Nb1d2 g6
6.c3 Bf8g7
7.Qd1e2 O-O
8.a4 c6
9.O-O d6
10.e5 dxe5
11.dxe5 Nf6d5
12.Nd2e4 Nb8d7
13.Rf1e1 Rf8e8
14.c4 Nd5b4
15.Bd3b1 Nd7xe5
16.Nf3xe5 Bg7xe5
17.Ne4c5 Be5f6
18.Nc5xb7 Qd8c7
19.Nb7c5 bxc4
20.Qe2xc4 Re8d8
21.Qc4xb4 Rd8d4
22.Qb4a3 Ra8d8
23.Bb1e4 Qc7a5
24.Bc1e3 Qa5b4
25.Be3xd4 Qb4xa3
26.Ra1xa3 Rd8xd4
27.Ra3d3 { abandon }1-0

[Event "CHATURANGA"]
[Site "www.echecsemail.com"]
[Date "2026.02.07"]
[Round "1"]
[White "Casisimed"]
[Black "4x4"]
[WhiteElo "1590"]
[BlackElo "1450"]
[Result "1-0"]
1.e4 e5
2.Ng1f3 Ng8f6
3.Bf1c4 d6
4.d4 Nf6xe4
5.dxe5 d5
6.Bc4xd5 Ne4c5
7.O-O c6
8.Bd5xf7 Ke7
9.Qd1xd8 Kxd8
10.Bc1g5 Kc7
11.Nb1c3 Nb8d7
12.e6 Nd7f6
13.Bg5xf6 gxf6
14.Rf1e1 Bf8e7
15.Ra1d1 b6
16.Nf3d4 Bc8b7
17.Nd4f5 b5
18.Nf5xe7 Ra8d8
19.b4 Nc5a4
20.Nc3xa4 bxa4
21.Rd1d3 Rd8xd3
22.cxd3 Kd6
23.Ne7f5 Kc7
24.e7 Kd7
25.e8Q Rh8xe8
26.Bf7xe8 Kc7
27.Re1e7 Kb6
28.Nf5d6 Bb7a6
29.Nd6c4 Ba6xc4
30.dxc4 a3
31.Re7xh7 c5
32.bxc5 Kxc5
33.Rh7xa7 Kxc4
34.Ra7xa3 Kb4
35.Ra3b3 Kc4
36.Be8f7 Kd4
37.Kf1 f5
38.Ke2 f4
39.Kd2 Ke5
40.Kd3 Kf5
41.Rb3b5 Kg4
42.Ke4 { abandon }1-0

[Event "Tournoi n27425"]
[Site "www.echecsemail.com"]
[Date "2026.02.07"]
[Round "1"]
[White "Speedyfil"]
[Black "Jlr"]
[WhiteElo "1440"]
[BlackElo "1430"]
[Result "0-1"]
1.d4 d5
2.Bc1f4 Nb8c6
3.e3 e5
4.dxe5 Bf8b4
5.c3 Bb4c5
6.Bf1d3 h5
7.h3 d4
8.cxd4 Bc5b4
9.Nb1c3 f5
10.Ng1f3 g6
11.Nf3g5 Ng8f6
12.exf6 Qd8xf6
13.Qd1a4 Bc8d7
14.a3 O-O-O
15.axb4 a6
16.Bd3c4 Nc6xd4
17.Qa4d1 Bd7c6
18.Ng5f3 Nd4xf3
19.Qd1xf3 Bc6xf3
20.gxf3 b5
21.Nc3d5 Qf6xb2
22.O-O bxc4
23.Nd5e7 Kb8
24.Ne7c6 Kb7
25.Nc6xd8 Rh8xd8
26.b5 axb5
27.Ra1b1 Qb2d2
28.Rb1xb5 Kc6
29.Rb5e5 c3
30.Re5e6 Kd7
31.Bf4g5 Kxe6
32.Kg2 Rd8h8
33.h4 c5
34.e4 Qd2e2
35.Rf1a1 Qe2b2
36.Ra1a6 Ke5
37.Ra6a5 Kd4
38.Bg5e3 Kd3
39.Ra5xc5 fxe4
40.Rc5d5 Kc2
41.fxe4 Qb2a1
42.Be3d4 Qa1a2
43.Bd4xh8 Qa2c4
44.Rd5e5 Kd2
45.Re5d5 Ke1
46.Rd5d4 Qc4f1
47.Kf3 Qf1e2
48.Kg2 Qe2xf2
49.Kh3 Qf2e3
{ abandon }0-1

[Event "Eq:Vikings-La Diagonale du Fou :"]
[Site "www.echecsemail.com"]
[Date "2026.02.07"]
[Round "1"]
[White "Tombelaine"]
[Black "Tahar"]
[WhiteElo "2250"]
[BlackElo "1970"]
[Result "1-0"]
1.c4 c5
2.Nb1c3 g6
3.Ng1f3 Bf8g7
4.d4 cxd4
5.Nf3xd4 Ng8f6
6.e4 d6
7.Bf1e2 O-O
8.O-O Nb8d7
9.Bc1e3 b6
10.Nd4c6 Qd8e8
11.Nc3b5 Nd7c5
12.Be3xc5 Qe8xc6
13.Bc5a3 Bc8b7
14.Nb5d4 Qc6c8
15.f3 Rf8d8
16.b3 Nf6d7
17.Ra1b1 Nd7c5
18.Ba3b2 Nc5e6
19.Nd4xe6 Qc8xe6
20.Bb2xg7 Kxg7
21.Qd1d4 f6
22.Be2d3 Qe6f7
23.a4 Ra8b8
24.a5 Bb7c8
25.Rb1a1 Bc8d7
26.Rf1b1 Bd7c6
27.axb6 axb6
28.Ra1a7 Rd8d7
29.Rb1a1 Qf7e8
30.b4 e5
31.Qd4xd6 Rd7xa7
32.Ra1xa7 Rb8b7
33.Ra7xb7 Bc6xb7
34.Qd6c7 Qe8f7
35.Qc7xf7 Kxf7
36.c5 bxc5
37.bxc5 Bb7c6
38.Bd3c4 Ke7
39.Bc4d5 Kd7
40.Kf2 Kc7
41.Ke3 Bc6b5
42.g3 g5
43.f4 Kb8
44.fxe5 fxe5
45.h4 h6
46.hxg5 hxg5
47.Bd5e6 Bb5a4
48.Kd3 Ba4b5
49.Kc3 Kc7
50.Be6c4 Bb5c6
51.Bc4d5 Bc6b5
52.Kb4 Bb5d3
53.Kc3 Bd3b5
54.Bd5c4 Bb5c6
55.Kd3 Bc6d7
56.Bc4b3 Bd7c6
57.Ke3 Bc6d7
58.Kf3 Bd7c8
59.Bb3a4 Bc8e6
60.Ba4e8 Be6c8
61.c6 g4
62.Ke3 Kb6
63.Kd2 Kc5
64.Be8d7 Bc8a6
65.c7 Kd4
66.Bd7f5 Ba6b7
67.Ke2 Bb7a6
68.Kf2 Ba6b7
69.Bf5xg4 Bb7a6
70.Kf3 Ba6b7
71.Bg4f5 Kc5
72.c8Q Bb7xc8
73.Bf5xc8 { abandon }1-0

[Event "Tournoi échelle élite"]
[Site "www.echecsemail.com"]
[Date "2026.02.07"]
[Round "1"]
[White "Alain64"]
[Black "Luc20"]
[WhiteElo "2050"]
[BlackElo "1840"]
[Result "0-1"]
1.c4 c5
2.Nb1c3 e6
3.Ng1f3 Nb8c6
4.e3 Ng8f6
5.d4 a6
6.d5 exd5
7.cxd5 Nc6b4
8.a3 Qd8a5
9.Bc1d2 Nb4xd5
10.Nc3xd5 Qa5d8
11.Nd5xf6 Qd8xf6
12.Bd2c3 Qf6f5
13.Bf1d3 Qf5g4
14.O-O d6
15.Rf1e1 f6
16.Qd1c2 Qg4h5
17.Ra1d1 Bc8g4
18.Bd3e2 Bf8e7
19.h3 Bg4f5
20.Qc2b3 Bf5c8
21.Nf3e5 Qh5f5
22.Qb3f7 Kd8
23.Qf7xg7 fxe5
24.Qg7xh8 Kc7
25.Be2g4 Qf5g6
26.Bc3a5 b6
27.Ba5xb6 Kxb6
28.f4 Bc8b7
29.Qh8xa8 Bb7xa8
30.Rd1d2 h5
31.Bg4d1 Be7h4
32.Re1f1 Qg6g3
33.Rd2xd6 Ka5
34.Bd1f3 e4
35.Bf3xh5 Qg3xe3
36.Kh1 Qe3g3
37.Bh5e2 Ba8b7
38.b4 cxb4
39.axb4 Ka4
40.Rd6b6 Bb7c8
41.b5 Bc8xh3
42.Rf1a1 Kb4
43.bxa6 Kc5
44.Rb6b5 Kd6
45.Be2f1 Bh3xg2
46.Bf1xg2 Bh4f6
47.Rb5h5 Bf6xa1
48.a7 Qg3xf4
49.a8Q Qf4c1
50.Kh2 Ba1e5
51.Kh3 Qc1e3
52.Kg4 Qe3f4
{ abandon }0-1

[Event "Défi"]
[Site "www.echecsemail.com"]
[Date "2026.02.07"]
[Round "1"]
[White "Augustin"]
[Black "Baloo"]
[WhiteElo "1470"]
[BlackElo "1490"]
[Result "0-1"]
1.e4 e5
2.Ng1f3 d6
3.Bf1c4 Qd8e7
4.O-O Nb8d7
5.Nb1c3 Ng8f6
6.d4 exd4
7.Qd1xd4 b6
8.Bc4b5 Bc8b7
9.Rf1e1 O-O-O
10.e5 dxe5
11.Bb5xd7 Nf6xd7
12.Nf3xe5 Qe7f6
13.Nc3d5 Qf6f5
14.g4 Qf5xc2
15.Ne5xf7 Bf8c5
16.Qd4f4 Bb7xd5
17.Nf7xd8 Rh8xd8
18.Qf4g5 Qc2xf2
0-1